| 000 | 01423cam a22003377a 4500 | ||
|---|---|---|---|
| 001 | 15990650 | ||
| 005 | 20100127093805.0 | ||
| 008 | 091119s2009 enka |rbf 001 0 eng | ||
| 010 | _a 2009279544 | ||
| 015 |
_aGBA949251 _2bnb |
||
| 016 | 7 |
_a015261025 _2Uk |
|
| 020 | _a9780199231355 (pbk. : acidfree paper) | ||
| 020 | _a0199231354 (pbk. : acidfree paper) | ||
| 035 | _a(OCoLC)ocn339571458 | ||
| 040 |
_aUKM _cUKM _dBTCTA _dBWKUK _dDLC |
||
| 042 | _alccopycat | ||
| 050 | 0 | 0 |
_aRT51 _b.O936 2009 |
| 082 | 0 | 4 |
_a610.73 _222 _bADU |
| 245 | 0 | 0 |
_aOxford Handbook of Adult Nursing / _cEdited by George Castledine, Ann Close. |
| 260 |
_aOxford ; _aNew York : _bOxford University Press, 2009 _c2009. |
||
| 300 |
_axx, 1252 p. : _bill. ; _c19 cm. |
||
| 490 |
_aOxford Handbooks in Nursing _927383 |
||
| 504 | _aIncludes bibliographical references and index. | ||
| 650 | 0 |
_aNursing _vHandbooks, manuals, etc. _912617 |
|
| 650 | 0 |
_aNursing. _912618 |
|
| 700 | 1 |
_aCastledine, George. _912619 |
|
| 700 | 1 |
_aClose, Ann. _912620 |
|
| 942 |
_2ddc _cNRNB |
||
| 999 |
_c13665 _d13665 |
||